Southville International School and Colleges
Your cart is empty.
  • Cart
  • Lists
    Public lists Eva Luna New books Lux_list list_1
    Your lists Log in to create your own lists
  • Log in to your account
  • Your cookies
  • Search history
Southville International School and Colleges
  • Advanced search
  • Recent comments
  • Most popular
  • Libraries

Log in to your account

Log in with GOOGLE


If you do not have an external account, but do have a local account, you can still log in:

  1. Home
  2. MARC view: Leaving the shallows /
Normal view MARC view ISBD view

Leaving the shallows / (Record no. 34306)

[ view plain ]
MARC details
000 -LEADER
fixed length control field 01216cam a22003733a 4500
001 - CONTROL NUMBER
control field 13679024
003 - CONTROL NUMBER IDENTIFIER
control field OSt
005 - DATE AND TIME OF LATEST TRANSACTION
control field 20140310184425.0
008 - FIXED-LENGTH DATA ELEMENTS--GENERAL INFORMATION
fixed length control field 030408t20032002nyua j 000 1 eng d
010 ## - LIBRARY OF CONGRESS CONTROL NUMBER
LC control number 2004596333
020 ## - INTERNATIONAL STANDARD BOOK NUMBER
International Standard Book Number 0439446163
035 ## - SYSTEM CONTROL NUMBER
System control number (OCoLC)ocm51995672
040 ## - CATALOGING SOURCE
Original cataloging agency WDG
Transcribing agency WDG
Modifying agency OCLCQ
-- DLC
042 ## - AUTHENTICATION CODE
Authentication code lccopycat
050 00 - LIBRARY OF CONGRESS CALL NUMBER
Classification number PZ 7
Item number .B146d9 2003
100 1# - MAIN ENTRY--PERSONAL NAME
Personal name Baglio, Ben M.
9 (RLIN) 5246
245 10 - TITLE STATEMENT
Title Leaving the shallows /
Statement of responsibility, etc Ben M. Baglio ; illustrations by Judith Lawton.
260 ## - PUBLICATION, DISTRIBUTION, ETC. (IMPRINT)
Place of publication, distribution, etc New York :
Name of publisher, distributor, etc Scholastic Inc.,
Date of publication, distribution, etc 2003.
300 ## - PHYSICAL DESCRIPTION
Extent 157 p. :
Other physical details ill. ;
Dimensions 20 cm.
490 0# - SERIES STATEMENT
Series statement Dolphin diaries ;
Volume number/sequential designation 9
521 ## - TARGET AUDIENCE NOTE
Target audience note
526 ## - STUDY PROGRAM INFORMATION NOTE
Reading level 660
650 #0 - SUBJECT ADDED ENTRY--TOPICAL TERM
Topical term or geographic name as entry element Dolphins
Form subdivision Fiction.
9 (RLIN) 26934
650 #0 - SUBJECT ADDED ENTRY--TOPICAL TERM
Topical term or geographic name as entry element Ecology
Form subdivision Fiction.
9 (RLIN) 26935
655 #7 - INDEX TERM--GENRE/FORM
Genre/form data or focus term Children's stories.
Source of term lcsh
9 (RLIN) 3012
655 #7 - INDEX TERM--GENRE/FORM
Genre/form data or focus term Nature stories.
Source of term lcsh
9 (RLIN) 26936
700 1# - ADDED ENTRY--PERSONAL NAME
Personal name Lawton, Judith.
9 (RLIN) 26937
710 2# - ADDED ENTRY--CORPORATE NAME
Corporate name or jurisdiction name as entry element Copyright Paperback Collection (Library of Congress)
Institution to which field applies DLC
9 (RLIN) 705
856 42 - ELECTRONIC LOCATION AND ACCESS
Materials specified Publisher description
Uniform Resource Identifier <a href="http://www.loc.gov/catdir/description/schol051/2004596333.html">http://www.loc.gov/catdir/description/schol051/2004596333.html</a>
906 ## - LOCAL DATA ELEMENT F, LDF (RLIN)
a 7
b cbc
c copycat
d 2
e ncip
f 20
g y-genrareb
942 ## - ADDED ENTRY ELEMENTS (KOHA)
Source of classification or shelving scheme Library of Congress Classification
Koha item type
Holdings
Withdrawn status Lost status Source of classification or shelving scheme Damaged status Home library Current library Shelving location Date acquired Total Checkouts Full call number Barcode Date last seen Copy number Price effective from Koha item type
    Library of Congress Classification   Luxembourg Library Luxembourg Library Scholastic Reading Center Section 10/09/2013   QL 737 .B146 2003 LEX2519 04/18/2017 1 10/09/2013 Books
    Library of Congress Classification   Luxembourg Library Luxembourg Library Scholastic Reading Center Section 10/09/2013   PZ 7 .B146d9 2003 LEX2518 04/18/2017 2 10/09/2013 Books

Leaving the shallows /

APA

Baglio B. M., Lawton J. & Copyright Paperback Collection (Library of Congress). (2003). Leaving the shallows. New York: Scholastic Inc.

Chicago

Baglio Ben M, Lawton Judith and Copyright Paperback Collection (Library of Congress). 2003. Leaving the shallows. New York: Scholastic Inc.

Harvard

Baglio B. M., Lawton J. and Copyright Paperback Collection (Library of Congress). (2003). Leaving the shallows. New York: Scholastic Inc.

MLA

Baglio Ben M, Lawton Judith and Copyright Paperback Collection (Library of Congress). Leaving the shallows. New York: Scholastic Inc. 2003.

  • Place hold
  • Print
  • Cite
  • Add to your cart (remove)
  • Save record
    BIBTEX Dublin Core MARCXML MARC (non-Unicode/MARC-8) MARC (Unicode/UTF-8) MARC (Unicode/UTF-8, Standard) MODS (XML) RIS
  • More searches
    Search for this title in:
    Other Libraries (WorldCat) Other Databases (Google Scholar) Online Stores (Bookfinder.com) Open Library (openlibrary.org)

Exporting to Dublin Core...

SOUTHVILLE LIBRARY

Southville International School and Colleges Library

1281 Tropical Ave. Cor. Luxembourg St., BF Homes International, Las Pinas City

Tel. No. 8256374 / 252358 Loc. 117/146

Powered by Koha